1434 1131 1917 1107 1271 1219 1752 1857 1506 1033 1815 1118 1904 1737 1275 1941 1671 1623 1449 1767 1068 1774 1897 1413 1700 1071 1217 1031 1863 1498 1709 1847 1511 1968 1199 1681 1721 1088 1084 1018 1948 1299 1280 1286 1098 1280 1223 1186 1597 1696 1889 1064 1831 1225 1655 1700 1334 1768 1329 1759 1840 1234 1166 1799 1575 1559 1871 1072 1776 1617 1542 1033 1315 1492 1857 1070 1289 1759 1726 1218 1051 1764 1399 1623 1133 1606 1556 1553 1441 1515 1295 1994 1890 1040 1310 1916 1035 1282 1514 BCNSPRNW ULIB Ver.6.0+V

เปลี่ยนเป็นภาษาไทย

Change to English
 แสดงรายละเอียดบรรณานุกรม
  กลับหน้าหลัก

Brief Record : Get Marc (ISO 2709) : E-mail record : QR code < ปิดหน้าต่าง
LEADER : 00000nam 2200000uu 4500
001    13399126815
003     ULIB
008    190308s2561||||th 000 0 tha d
020 ^  ^a9786164681583
050  0 ^aBF155.6713^bจ628จ
100 0  ^aจุฑามาศ แหนจอน.
245 1  ^aจิตวิทยาการรู้คิด /^cจุฑามาศ แหนจอน.
246 3  ^aCognitive psychology
250 ^  ^aพิมพ์ครั้งที่ 1.
260 ^  ^aกรุงเทพฯ :^bแกรนด์พอยท์,^c2561.
300 ^  ^a359 หน้า :^bภาพประกอบ ;^c26 ซม.
500 ^  ^aมีดัชนี.
505 2  ^aความรู้พื้นฐานด้านจิตวิทยาการรู้คิด -- โครงสร้างและการทำงานของสมอง -- การรับรู้ -- ความสนใจจดจ่อ -- ความจำ -- หน้าที่บริหารจัดการของสมอง -- ความรู้ -- การจินตภาพด้วยภาพ -- ภาษา -- การคิดแก้ปัญหา -- การให้เหตุผลและการตัดสินใจ.
650 ^  ^aความคิดสร้างสรรค์.
650 ^  ^aความจำ.
650 ^  ^aจิตวิทยา.
650 ^  ^aจิตวิทยาการรู้คิด.
650 ^  ^aปัญญา.
945    ^p450^l0^i005469
945    ^p450^l0^i005468
945    ^p450^l0^i005467
999    ^aประนอม เกษจรัล
รายการนี้ยังไม่มีแท็ก
คุณยังไม่ได้ล็อกอิน คุณสามารถมีกิจกรรมร่วมกับเว็บไซต์ได้ แต่ต้องล็อกอินก่อน ::
  ล็อกอิน

รายการสื่อสารสนเทศ

ลำดับที่ ประเภท เลขเรียก/บาร์โค้ด สถานที่ สถานะ
1. การศึกษาทั่วไป
หนังสือสำรอง
สถานะ=หนังสือสำรอง
BF155.6713 จ628จ ฉ.1 
  Barcode: 005467
ห้องสมุดวิทยาเขตสวรรค์ประชารักษ์
►หนังสือทั่วไป
บนชั้น
2. การศึกษาทั่วไป
การศึกษาทั่วไป
BF155.6713 จ628จ ฉ.2 
  Barcode: 005468
ห้องสมุดวิทยาเขตสวรรค์ประชารักษ์
►หนังสือทั่วไป
บนชั้น
3. การศึกษาทั่วไป
การศึกษาทั่วไป
BF155.6713 จ628จ ฉ.3 
  Barcode: 005469
ห้องสมุดวิทยาเขตสวรรค์ประชารักษ์
►หนังสือทั่วไป
บนชั้น

รายการใกล้เคียง
    ผู้แต่ง [จุฑามาศ แหนจอน.]

    หัวเรื่อง [ความคิดสร้างสรรค์.]
    หัวเรื่อง [ความจำ.]
    หัวเรื่อง [จิตวิทยา.]
    หัวเรื่อง [จิตวิทยาการรู้คิด.]
    หัวเรื่อง [ปัญญา.]

BibComment


ยังไม่เคยถูกคอมเมนท์

คอมเมนท์ทรัพยากรรายการนี้
  คอมเมนท์: จิตวิทยาการรู้คิ..


 Copyright 2026. Bcnsprnw @Library